[Event "PRO League Group Stage"]
[Site "masterchessopen.com chess.com INT"]
[Date "2017.02.11"]
[Round "5"]
[White "Akylbekov,Nasyr"]
[Black "Aradhya,Garg"]
[Result "1-0"]
[WhiteElo "2222"]
[BlackElo "2230"]

1.e4 e6 2.d4 d5 3.Nc3 Nf6 4.Bg5 Bb4 5.e5 h6 6.exf6 hxg5 7.fxg7 Rg8 8.h4 gxh4
9.Qg4 Qf6 10.Rxh4 Nc6 11.Nf3 Bd7 12.Bb5 O-O-O 13.Bxc6 bxc6 14.Rh7 Bd6 15.Qg5
Be7 16.Qxf6 Bxf6 17.Ne5 Bxg7 18.g3 Rh8 19.Rxg7 Rh1+ 20.Kd2 Rxa1 21.Rxf7 c5
22.dxc5 d4 23.Ne2 Rxa2 24.b3 a5 25.Nc1 Ra1 26.c6 Be8 27.Re7 Kb8 28.g4 Ka7
29.Rxe6 a4 30.bxa4 Rxa4 31.Ncd3 Ra1 32.f4 Rg1 33.f5 Rb8 34.Re7 Rbb1 35.Ke2
Bxc6 36.Nxc6+ Kb6 37.Nxd4 Rxg4 38.Re6+ Kb7 39.Nc5+ Ka7 40.c3 c6 41.Rxc6 Rb2+
42.Kd3 Rg3+ 43.Kc4 Rf2 44.f6 Rg6 45.Re6 Rfxf6 46.Nb5+ Kb8 47.Re8# 1-0

[Event "PRO League Group Stage"]
[Site "masterchessopen.com chess.com INT"]
[Date "2017.02.11"]
[Round "5"]
[White "Gozzoli,Y"]
[Black "Finegold,B"]
[Result "0-1"]
[WhiteElo "2583"]
[BlackElo "2483"]

1.d4 Nf6 2.c4 c5 3.d5 e5 4.Nc3 d6 5.e4 Be7 6.Bd3 Nbd7 7.Nge2 h5 8.h4 Nf8 9.f3
Ng6 10.g3 Bd7 11.a3 Kf8 12.Be3 Kg8 13.b4 b6 14.bxc5 dxc5 15.Kd2 Ne8 16.a4 Nd6
17.Nb5 a6 18.Nxd6 Bxd6 19.Qb3 Rb8 20.Nc3 Kh7 21.Qd1 Rf8 22.Qe2 Kg8 23.Rhb1 Nh8
24.Rb2 f6 25.Rab1 Qc7 26.Rg1 Nf7 27.g4 hxg4 28.fxg4 b5 29.axb5 axb5 30.cxb5 c4
31.Bc2 Bc5 32.Bxc5 Qxc5 33.Qe3 Qd4+ 34.Qxd4 exd4 35.Ne2 c3+ 36.Nxc3 dxc3+
37.Kxc3 Rfc8+ 38.Kd2 Ne5 39.Rb3 Nc4+ 40.Kc1 Rxb5 41.Rxb5 Bxb5 42.Rg3 Kf7 43.g5
Nd6 44.Kd2 Rh8 45.Rf3 Rxh4 46.gxf6 gxf6 47.Ke3 Ke7 48.Rg3 Rh2 49.Bd1 Nc4+
50.Kd4 Rd2+ 51.Kc5 Rxd1 52.Kxb5 Nd6+ 53.Kc6 Rc1+ 54.Kb6 Nxe4 55.Rg4 f5 56.Rg6
Nf6 57.d6+ Ke6 {#R} 0-1

[Event "PRO League Group Stage"]
[Site "masterchessopen.com chess.com INT"]
[Date "2017.02.11"]
[Round "5"]
[White "Gozzoli,Y"]
[Black "Swiercz,D"]
[Result "1-0"]
[WhiteElo "2583"]
[BlackElo "2647"]

1.d4 Nf6 2.Nf3 g6 3.c4 Bg7 4.e3 O-O 5.Be2 c5 6.d5 e6 7.Nc3 d6 8.O-O Re8 9.Nd2
Na6 10.e4 Nc7 11.a4 Na6 12.Re1 Nb4 13.Bf1 Rb8 14.a5 a6 15.h3 b6 16.axb6 Qxb6
17.Ra3 Qc7 18.Nf3 Bd7 19.dxe6 Bxe6 20.Bf4 Rbd8 21.Nd5 Bxd5 22.exd5 Rxe1
23.Nxe1 Re8 24.Nc2 a5 25.Re3 Rxe3 26.Bxe3 Ne4 27.b3 Nc3 28.Qd2 Qe7 29.Na3 Qe4
30.Nb5 Nxb5 31.cxb5 Qxd5 32.Qxd5 Nxd5 33.Bd2 Kf8 34.Bxa5 Ke7 35.b6 Nf6 36.b7
Nd7 37.Bb5 d5 38.Bc7 {#r} 1-0

[Event "PRO League Group Stage"]
[Site "masterchessopen.com chess.com INT"]
[Date "2017.02.11"]
[Round "5"]
[White "Nyzhnyk,I"]
[Black "Pavasovic,D"]
[Result "1-0"]
[WhiteElo "2616"]
[BlackElo "2548"]

1.d4 d5 2.c4 e6 3.Nf3 Nf6 4.Nc3 c6 5.g3 dxc4 6.a4 Nbd7 7.Bg2 Bb4 8.O-O O-O
9.Qc2 Qe7 10.Bf4 Bd6 11.Rfd1 Bxf4 12.gxf4 a5 13.e3 Nb6 14.Ne5 Bd7 15.b3 cxb3
16.Qxb3 Qb4 17.Rdb1 Nbd5 18.Bxd5 cxd5 19.Qxb4 axb4 20.Rxb4 Ra7 21.Rab1 Bc8
22.Nb5 Ra6 23.Rc1 Ne4 24.Rc7 f6 25.Nd7 Bxd7 26.Rxd7 Rf7 27.Rd8+ Rf8 28.Rxf8+
Kxf8 29.Nc7 Ra7 30.Nxe6+ Ke7 31.Nc7 Nc3 32.Rb3 Nxa4 33.Nxd5+ Kd6 34.e4 Kc6
35.Ne7+ Kd7 36.Nf5 g6 37.Ne3 Kc6 38.e5 b5 39.d5+ Kc5 40.d6 b4 41.Rd3 Rd7
42.Rd5+ Kc6 43.Rd4 Kc5 44.Rc4+ Kb5 45.Rc7 b3 46.Rxd7 b2 47.Rb7+ Nb6 48.Rxb6+
{#r} 1-0

[Event "PRO League Group Stage"]
[Site "masterchessopen.com chess.com INT"]
[Date "2017.02.11"]
[Round "5"]
[White "Mihok,O"]
[Black "Naroditsky,D"]
[Result "1-0"]
[WhiteElo "2505"]
[BlackElo "2646"]

1.e4 e5 2.Nf3 Nc6 3.Bb5 a6 4.Ba4 Nf6 5.d4 exd4 6.O-O Be7 7.e5 Ne4 8.Nxd4 Nc5
9.Nf5 O-O 10.Qg4 g6 11.Bxc6 dxc6 12.Nxe7+ Qxe7 13.Qg3 Bf5 14.Bg5 Qe6 15.Nd2
Rfe8 16.Rfe1 Qd5 17.c4 Qd3 18.Qh4 Ne6 19.Nf3 Nxg5 20.Nxg5 h5 21.h3 Rad8 22.Re3
Qd4 23.g4 Qxc4 24.Qg3 Be6 25.gxh5 Qc2 26.hxg6 Qxg6 27.Kh2 Rd4 28.Rg1 Kf8
29.Rf3 Bf5 30.e6 Re7 31.Qe5 Rh4 32.Qxf5 Qxf5 33.Rxf5 Rh5 34.exf7 Rh6 35.Ne6+
{#r} 1-0

[Event "PRO League Group Stage"]
[Site "masterchessopen.com chess.com INT"]
[Date "2017.02.11"]
[Round "5"]
[White "Reshef,O"]
[Black "Xu,Grant Y"]
[Result "0-1"]
[WhiteElo "2461"]
[BlackElo "2193"]

1.e4 d5 2.Nc3 d4 3.Nce2 e5 4.d3 c5 5.g3 h5 6.Bg2 h4 7.f4 hxg3 8.hxg3 Rxh1
9.Bxh1 Nc6 10.Nf3 Bd6 11.f5 Nf6 12.Bg5 Qb6 13.Bxf6 gxf6 14.b3 Qa5+ 15.Kf2 Qa3
16.Qc1 Qxc1 17.Rxc1 b5 18.Nd2 Bc7 19.a3 Ba5 20.Nb1 c4 21.Bf3 Ba6 22.Rh1 Ke7
23.Nc1 Rc8 24.Be2 Nb8 25.b4 Bb6 26.g4 Bb7 27.Nd2 a5 28.dxc4 axb4 29.Bd3 bxc4
30.Nxc4 Bc5 31.a4 Ba7 32.Kf3 Ba6 33.Nd2 Rc3 34.Nb1 Rc7 35.Rh8 Bxd3 36.Nxd3
Rxc2 37.Nxb4 Rb2 38.Nd5+ Kd6 39.Rd8+ Kc6 40.Rc8+ Kb7 41.Rc7+ Ka6 42.Rc1 Nd7
43.g5 fxg5 44.Kg4 Nc5 45.Na3 Nxe4 46.Rc6+ Kb7 47.Rc7+ Kb8 48.Rxf7 d3 49.Nc4
Rh2 50.Rf8+ Kb7 51.Rf7+ Kc6 52.Nb4+ Kc5 53.Nxd3+ Kxc4 54.Nxe5+ Kd5 55.Nf3 Rg2+
56.Kh5 Bc5 57.Rd7+ Bd6 58.Rg7 g4 59.Nh4 Rg1 60.a5 g3 61.a6 Ra1 62.a7 Bc5
63.Kg4 Bxa7 64.Nf3 Ra4 65.Rd7+ Kc5 66.Rd8 Bb6 67.Rc8+ Kd5 68.f6 Nd6+ 69.Kxg3
Nxc8 70.f7 Bc7+ 71.Kf2 Bd6 {#R} 0-1

[Event "PRO League Group Stage"]
[Site "masterchessopen.com chess.com INT"]
[Date "2017.02.11"]
[Round "5"]
[White "Reshef,O"]
[Black "Heimann,Al"]
[Result "0-1"]
[WhiteElo "2461"]
[BlackElo "2271"]

1.e4 Nf6 2.e5 Nd5 3.d4 d6 4.Nf3 dxe5 5.Nxe5 c6 6.c4 Nb4 7.Be3 Bf5 8.Nd3 e6
9.Nc3 Qb6 10.Nxb4 Bxb4 11.Qb3 Nd7 12.Be2 Be7 13.O-O O-O 14.c5 Qc7 15.Qc4 Rad8
16.b4 Nf6 17.h3 Ne4 18.Bf3 Nxc3 19.Qxc3 Bf6 20.Rad1 h6 21.g4 Bg6 22.Bg2 e5
23.d5 cxd5 24.Bxd5 e4 25.Qc4 Rfe8 26.Rfe1 h5 27.g5 Be5 28.Kg2 Bf4 29.Qd4 Kh7
30.Bxf4 Qxf4 31.Qe3 Qc7 32.Bc4 Qe5 33.a3 h4 34.Rd2 Rxd2 35.Qxd2 Qf5 36.Qe3 Bh5
37.Be2 Kg6 38.Bxh5+ Kxh5 39.Rd1 Re7 40.Qe2+ Kxg5 41.Rd6 f6 42.Qe3+ Kg6 43.b5
Rc7 44.c6 bxc6 45.bxc6 Qe5 46.Rd4 f5 47.Rc4 Qe6 48.Qc5 Kh7 49.Rd4 Rxc6 50.Qd5
Qxd5 51.Rxd5 Kg6 52.Ra5 a6 53.Rd5 Kg5 54.a4 Kf4 55.Rd4 Rc5 56.Rb4 g5 57.Rb6
Ra5 58.Rb4 g4 59.hxg4 fxg4 60.Rc4 h3+ 61.Kh2 Rd5 62.Rc6 a5 63.Rf6+ Rf5 64.Rc6
Kf3 65.Rc2 Rd5 66.Rb2 Rd4 67.Ra2 Rb4 68.Kh1 e3 69.fxe3 g3 70.Ra1 Kxe3 71.Ra3+
Kf4 72.Ra1 Kg4 73.Kg1 Rf4 74.Kh1 Rf2 75.Re1 Kf3 76.Rd1 Ke2 77.Rb1 Rf1+ 78.Rxf1
g2+ 79.Kh2 gxf1=Q {#R} 0-1

[Event "PRO League Group Stage"]
[Site "masterchessopen.com chess.com INT"]
[Date "2017.02.11"]
[Round "5"]
[White "Belous,V"]
[Black "Villegas,P"]
[Result "1-0"]
[WhiteElo "2564"]
[BlackElo "2363"]

1.d4 Nf6 2.c4 e6 3.Nc3 Bb4 4.f3 c5 5.d5 b5 6.e4 O-O 7.Ne2 bxc4 8.Nf4 exd5
9.Nxd5 Nxd5 10.Qxd5 Nc6 11.Bxc4 Bb7 12.Qh5 g6 13.Qh6 Qf6 14.Bd2 Ne5 15.Bd5
Nd3+ 16.Kd1 Bxd5 17.Nxd5 Qxb2 18.Ke2 Bxd2 19.Qxd2 Qxd2+ 20.Kxd2 Ne5 21.Rab1
Rab8 22.Kc3 d6 23.Rb3 Rxb3+ 24.axb3 Nc6 25.Ra1 a5 26.Rd1 Nd4 27.Kc4 Rb8 28.Rd3
Kg7 29.f4 f6 30.g4 Kf7 31.Rh3 Kg7 32.Rd3 Ne6 33.h4 h6 34.Rg3 Kf7 35.Re3 Nd4
36.e5 fxe5 37.fxe5 dxe5 38.Rxe5 Nxb3 39.Re7+ Kf8 40.Rh7 h5 41.Rh8+ {#r} 1-0

[Event "PRO League Group Stage"]
[Site "masterchessopen.com chess.com INT"]
[Date "2017.02.11"]
[Round "5"]
[White "Belous,V"]
[Black "Cornette,M"]
[Result "0-1"]
[WhiteElo "2564"]
[BlackElo "2586"]

1.c4 e6 2.Nf3 Nf6 3.g3 d5 4.Bg2 d4 5.O-O c5 6.d3 Nc6 7.Re1 Bd6 8.e3 O-O 9.exd4
cxd4 10.a3 a5 11.Bg5 h6 12.Bxf6 Qxf6 13.Nbd2 Qe7 14.Qc2 e5 15.Rac1 Bf5 16.c5
Bc7 17.Qc4 Qf6 18.Qb5 Rfb8 19.Ne4 Qd8 20.Nfd2 Bd7 21.Qc4 Be6 22.Qc2 f5 23.Nd6
Bxd6 24.cxd6 Qxd6 25.Nc4 Bxc4 26.Qxc4+ Kh8 27.Qc5 Qxc5 28.Rxc5 Ra6 29.Rb5 a4
30.Rc1 Re8 31.Rxb7 e4 32.Re1 e3 33.Rb5 Ne5 34.fxe3 Nxd3 35.Re2 dxe3 36.Rxf5
Nxb2 37.Rc5 Rd6 38.Bb7 Rd2 39.Ba6 Nd3 40.Bxd3 Rxd3 41.Kg2 Rxa3 42.Ra5 Kh7
43.Kf3 Re6 44.Kf4 Kg6 45.h4 Kf6 46.g4 g5+ 47.hxg5+ hxg5+ 48.Kf3 Re5 49.Ra6+
Ke7 50.Kg2 Kd7 51.Rb2 e2 52.Rb7+ Kc8 53.Rh7 Rb3 54.Ra8+ Rb8 55.Rh8+ Kc7
56.Raxb8 e1=Q 57.Rhc8+ Kd6 58.Rd8+ Kc5 59.Rdc8+ Kd4 60.Rd8+ Rd5 61.Re8 Qd2+
62.Kh3 Qd3+ 63.Kg2 Qc2+ 64.Kg3 Qc7+ 65.Kg2 a3 66.Rb4+ Kd3 67.Rb3+ Kc2 68.Rf3
Rd2+ 69.Kf1 Qc4+ 70.Ke1 Rd1+ 71.Kf2 Qf1+ 72.Kg3 Qg1+ 73.Kh3 Qh1+ 74.Kg3 Rg1+
75.Kf2 Rf1+ 76.Ke2 Qxf3# 0-1

[Event "PRO League Group Stage"]
[Site "masterchessopen.com chess.com INT"]
[Date "2017.02.11"]
[Round "5"]
[White "Villegas,P"]
[Black "Stukopin,A"]
[Result "0-1"]
[WhiteElo "2363"]
[BlackElo "2586"]

1.d4 Nf6 2.c4 e6 3.Nc3 Bb4 4.Qc2 O-O 5.Nf3 d6 6.Bd2 c5 7.a3 Ba5 8.dxc5 dxc5
9.g4 Nc6 10.g5 Nd7 11.e3 Nde5 12.Nxe5 Nxe5 13.Be2 Qxg5 14.O-O-O Qg6 15.Ne4
Bxd2+ 16.Rxd2 b6 17.Nd6 Qxc2+ 18.Kxc2 Bd7 19.f4 Bc6 20.Rf1 Ng6 21.Bh5 Rad8
22.Bxg6 hxg6 23.e4 f6 24.Rg1 Rd7 25.Rxg6 Rxd6 26.Rxg7+ Kxg7 27.Rxd6 Bxe4+
28.Kc3 Bf5 29.Rd7+ Rf7 30.Rd8 Kg6 31.b4 Rh7 32.bxc5 bxc5 33.Rc8 Rh3+ 34.Kb2
Rxh2+ 35.Kc3 Rc2+ 36.Kb3 Bd3 37.Rxc5 Rxc4 {#R} 0-1

[Event "PRO League Group Stage"]
[Site "masterchessopen.com chess.com INT"]
[Date "2017.02.11"]
[Round "5"]
[White "Villegas,P"]
[Black "Ynojosa,F"]
[Result "0-1"]
[WhiteElo "2363"]
[BlackElo "2399"]

1.d4 Nf6 2.c4 e6 3.Nc3 d5 4.cxd5 exd5 5.Bg5 c6 6.e3 Bd6 7.Bd3 h6 8.Bh4 O-O
9.Nge2 Re8 10.Qc2 a5 11.h3 Be6 12.f3 c5 13.O-O Nc6 14.a3 Qd7 15.Qd2 g5 16.Bf2
c4 17.Bc2 Bxh3 18.Ng3 Bxg3 19.Bxg3 Bf5 20.Bf2 Re7 21.Ne2 Rae8 22.Ng3 Bg6
23.Qc1 Kg7 24.Qb1 Qd6 25.Nf5+ Bxf5 26.Bxf5 Rxe3 27.Bxe3 Rxe3 28.Qd1 Qf4 29.Bc2
Nxd4 30.Rf2 Qe5 31.Qd2 Ne2+ 32.Kf1 Ng3+ 33.Kg1 d4 34.Rd1 d3 35.Bb1 Nd5 36.Qxa5
Ne2+ 37.Kf1 Qh2 {#R} 0-1

[Event "PRO League Group Stage"]
[Site "masterchessopen.com chess.com INT"]
[Date "2017.02.11"]
[Round "5"]
[White "Tang,Andrew"]
[Black "Anwesh,U"]
[Result "1-0"]
[WhiteElo "2466"]
[BlackElo "2384"]

1.d4 d5 2.c4 c6 3.Nf3 Nf6 4.e3 e6 5.Nc3 Nbd7 6.Qc2 Bd6 7.Be2 O-O 8.O-O dxc4
9.Bxc4 b5 10.Be2 Bb7 11.e4 e5 12.dxe5 Nxe5 13.Nd4 Re8 14.Nf5 Bf8 15.Bg5 b4
16.Na4 c5 17.f3 Re6 18.Rad1 Qa5 19.b3 Rc8 20.Nb2 h6 21.Be3 Ba6 22.Nc4 Nxc4
23.Bxc4 Bxc4 24.Qxc4 Qa6 25.Rc1 Nd7 26.Qc2 Ne5 27.Rfd1 Rec6 28.f4 Ng4 29.h3
Nf6 30.e5 Ne8 31.Qc4 Qb7 32.Rd2 Rg6 33.Nh4 Re6 34.Rcd1 Qa6 35.Rc1 g6 36.Qe4
Qc6 37.Qd3 Be7 38.Nf3 Qa6 39.Qe4 Ng7 40.Bf2 Qc6 41.Qc2 Nf5 42.Qd3 Qa6 43.Qxa6
Rxa6 44.g4 Ng7 45.Rdc2 Ne6 46.f5 gxf5 47.gxf5 Nf4 48.Be3 Nxh3+ 49.Kg2 Ng5
50.f6 Bd8 51.Nxg5 hxg5 52.Bxg5 Bb6 53.Kf3 Kf8 54.Rh2 Ke8 55.Rd1 {#r} 1-0

[Event "PRO League Group Stage"]
[Site "masterchessopen.com chess.com INT"]
[Date "2017.02.11"]
[Round "5"]
[White "Tang,Andrew"]
[Black "Swayams,M"]
[Result "1-0"]
[WhiteElo "2466"]
[BlackElo "2491"]

1.d4 Nf6 2.c4 e6 3.Nc3 Bb4 4.Qc2 O-O 5.Nf3 b6 6.e4 d5 7.cxd5 exd5 8.e5 Ne4
9.Bd3 Bb7 10.O-O Bxc3 11.bxc3 Nd7 12.Ne1 h6 13.c4 Ng5 14.f4 Ne6 15.Qf2 c5
16.f5 Nxd4 17.Bxh6 Nxe5 18.Bxg7 Nxd3 19.Nxd3 Qg5 20.Bxf8 Rxf8 21.Rae1 dxc4
22.Ne5 c3 23.Re3 Nxf5 24.Rxc3 Re8 25.Rg3 Qxg3 26.hxg3 Rxe5 27.g4 Nd6 28.Qf4
Re6 29.Rd1 Ne4 30.Rd8+ Kg7 31.Rd7 Rf6 32.Qe5 Bc6 33.Rc7 Kg6 34.Rc8 Bb7 35.Qh5+
Kg7 36.Qh8+ Kg6 37.Rg8# 1-0

[Event "PRO League Group Stage"]
[Site "masterchessopen.com chess.com INT"]
[Date "2017.02.11"]
[Round "5"]
[White "Pichot,A"]
[Black "Gunnarsson,J"]
[Result "1-0"]
[WhiteElo "2548"]
[BlackElo "2450"]

1.e4 c5 2.Nf3 Nc6 3.Bb5 g6 4.c3 Bg7 5.d4 Qb6 6.Ba4 cxd4 7.cxd4 Nxd4 8.O-O
Nxf3+ 9.Qxf3 Bxb2 10.Bxb2 Qxb2 11.Nc3 Nf6 12.e5 Nh5 13.Nd5 O-O 14.Nxe7+ Kh8
15.g4 Qxe5 16.Nxc8 Raxc8 17.gxh5 Rc3 18.Rae1 Qg5+ 19.Qg2 Qxh5 20.Bb3 Rfc8
21.Re3 Rxe3 22.fxe3 Rc5 23.Qb2+ Re5 24.Qd4 Qg5+ 25.Kh1 Qxe3 26.Qxe3 Rxe3
27.Rxf7 Rd3 28.Rf8+ Kg7 29.Ra8 h5 30.Rxa7 b6 31.Rb7 g5 32.Rxb6 g4 33.Rb5 Kh6
34.Rd5 Rc3 35.Rxd7 h4 36.Kg1 Kg5 37.Rd4 Kf5 38.Rc4 Re3 39.Bc2+ Kg5 40.Rc5+ Kf6
41.a4 Re2 42.Bf5 h3 43.a5 Rg2+ 44.Kf1 g3 45.Bxh3 Rxh2 46.Bg2 Rh4 47.a6 Rf4+
48.Kg1 Ra4 49.Bb7 Ke6 50.Kg2 Ra3 51.Rg5 Kd6 52.Rxg3 Ra2+ 53.Kh3 Kc7 54.Rb3 Kb8
55.Kg4 Ka7 56.Kf5 Rc2 57.Ke6 Rc1 58.Kd7 Rc5 59.Bc8 Rd5+ 60.Kc6 Rg5 61.Rb7+ Ka8
62.Rd7 Rg6+ 63.Rd6 Rg7 64.Kb6 Rg1 65.Bb7+ {#r} 1-0

[Event "PRO League Group Stage"]
[Site "masterchessopen.com chess.com INT"]
[Date "2017.02.11"]
[Round "5"]
[White "Ducarmon,Q"]
[Black "Yip,Carissa"]
[Result "1-0"]
[WhiteElo "2468"]
[BlackElo "2234"]

1.e4 c5 2.Nf3 d6 3.d4 cxd4 4.Qxd4 Nc6 5.Bb5 Bd7 6.Qd3 Nf6 7.O-O a6 8.Bxc6 Bxc6
9.Re1 g6 10.c4 Bg7 11.Nc3 O-O 12.Nd4 Bd7 13.h3 Rc8 14.b3 Qa5 15.Bd2 Qc7 16.a4
Bc6 17.Rad1 Nd7 18.Be3 Nc5 19.Qb1 a5 20.Ndb5 Qb8 21.Nd5 Rfe8 22.Bd4 Bxd4
23.Nxd4 Nd7 24.Qc1 e6 25.Nc3 Red8 26.Qh6 Nf8 27.Nf3 Qc7 28.Re3 Qb6 29.Red3 Qb4
30.h4 Qc5 31.Nh2 f5 32.Qg5 Qe5 33.Ng4 Qg7 34.Nh6+ Kh8 35.e5 {#r} 1-0

[Event "PRO League Group Stage"]
[Site "masterchessopen.com chess.com INT"]
[Date "2017.02.11"]
[Round "5"]
[White "Ducarmon,Q"]
[Black "Quesada Perez,Yu"]
[Result "0-1"]
[WhiteElo "2468"]
[BlackElo "2630"]

1.e4 e5 2.Nf3 Nc6 3.Bb5 Nf6 4.d3 Bc5 5.Bxc6 dxc6 6.Qe2 Bg4 7.Nbd2 Nd7 8.h3 Bh5
9.g4 Bg6 10.Nc4 Qe7 11.Bd2 f6 12.Nh4 O-O-O 13.O-O-O Bf7 14.Nf5 Qf8 15.Na5 g6
16.Ng3 Bxa2 17.Nxc6 bxc6 18.d4 Bxd4 19.Qa6+ Kb8 20.Qxa2 Bxf2 21.Ne2 Nb6
22.Rhf1 Rxd2 23.Rxd2 Be3 24.Qb3 Qh6 25.Qd3 Bxd2+ 26.Qxd2 Qxh3 27.Rxf6 Qxg4
28.b3 Qxe4 29.Kb2 h5 30.Nc3 Qd4 31.Qg5 Nd5 32.Rxc6 Nxc3 33.Rxc3 Rg8 34.Qe7 Qd6
35.Qf7 Rf8 36.Qc4 a6 37.Qe4 Rf4 38.Qg2 e4 39.Qg5 Rf3 {#R} 0-1

[Event "PRO League Group Stage"]
[Site "masterchessopen.com chess.com INT"]
[Date "2017.02.11"]
[Round "5"]
[White "Ponomariov,R"]
[Black "Orlov,G"]
[Result "1-0"]
[WhiteElo "2709"]
[BlackElo "2475"]

1.e4 e6 2.d4 d5 3.Nd2 Be7 4.e5 c5 5.c3 Nc6 6.Bd3 cxd4 7.cxd4 Nh6 8.Ndf3 Qa5+
9.Bd2 Qb6 10.Ne2 Nf5 11.Bc3 Bd7 12.O-O Rc8 13.Kh1 O-O 14.g4 Nh4 15.Nxh4 Bxh4
16.f4 Nb4 17.Bb1 f6 18.a3 Nc6 19.Qd3 g6 20.Qh3 fxe5 21.Qxh4 exd4 22.Bd2 e5
23.Ba2 Be6 24.f5 Qxb2 25.fxe6 Qxd2 26.Bxd5 Ne7 27.Qxe7 Qxe2 28.Rf7 {#r} 1-0

[Event "PRO League Group Stage"]
[Site "masterchessopen.com chess.com INT"]
[Date "2017.02.11"]
[Round "5"]
[White "Ponomariov,R"]
[Black "Margvelashvili,G"]
[Result "1-0"]
[WhiteElo "2709"]
[BlackElo "2530"]

1.e4 c6 2.d4 d5 3.Nc3 dxe4 4.Nxe4 Bf5 5.Ng3 Bg6 6.Nh3 e6 7.Nf4 Qc7 8.c3 Bd6
9.Qf3 Nf6 10.h4 Nbd7 11.h5 Bc2 12.h6 gxh6 13.Ngh5 O-O-O 14.Bd3 Bxd3 15.Nxd3
Nd5 16.Bxh6 c5 17.O-O c4 18.Ndf4 N7b6 19.Rfe1 Rhg8 20.g3 Nxf4 21.Bxf4 Bxf4
22.Nxf4 Rg5 23.Re4 Rdg8 24.Rae1 Rf5 25.Re5 Rgg5 26.Rxf5 Rxf5 27.Qg4 h5 28.Nxh5
Nd5 29.Ng7 Nf6 30.Qh4 Rf3 31.Re3 Rxe3 32.fxe3 Qe7 33.Nh5 Nd5 34.e4 Qxh4
35.gxh4 Nb6 36.b3 Kd8 37.Kf2 Ke7 38.Ke3 f6 39.Nf4 Kf7 40.h5 a5 41.d5 exd5
42.Nxd5 cxb3 43.axb3 a4 44.bxa4 Nxa4 45.Kd4 Nb2 46.c4 Na4 47.c5 Nb2 48.Kc3
Nd1+ 49.Kb4 Nf2 50.Nc3 Kg7 51.Kb5 Kh6 52.Kb6 Nd3 53.Nd5 Kxh5 54.Nxf6+ Kg6
55.Ne8 Kf7 56.Nd6+ Ke6 57.Nxb7 Nb4 58.c6 Ke5 59.c7 {#r} 1-0

[Event "PRO League Group Stage"]
[Site "masterchessopen.com chess.com INT"]
[Date "2017.02.11"]
[Round "5"]
[White "Nakyp,Rakhimjan"]
[Black "Hungaski,R"]
[Result "0-1"]
[WhiteElo "2096"]
[BlackElo "2488"]

1.c4 f5 2.Nc3 Nf6 3.g3 g6 4.Bg2 Bg7 5.Nf3 O-O 6.O-O d6 7.d4 Qe8 8.Bg5 e5
9.dxe5 dxe5 10.e4 Nc6 11.Nd5 Qf7 12.exf5 gxf5 13.Re1 e4 14.Bxf6 Bxf6 15.Nxf6+
Qxf6 16.Nd2 Qxb2 17.Nf1 Qd4 18.Ne3 Be6 19.Qh5 Rad8 20.Rad1 Qf6 21.g4 Qg6
22.Qxg6+ hxg6 23.Nd5 Bxd5 24.cxd5 Ne5 25.gxf5 gxf5 26.f3 Rd6 27.fxe4 f4 28.Kf2
Ra6 29.Rd2 Ra3 30.Rb1 b6 31.Rb3 Rxb3 32.axb3 Rf6 33.Bh3 Rh6 34.Be6+ Kf8 35.h3
Ke7 36.b4 Kd6 37.Ra2 Rg6 38.Bg4 Rf6 39.Rxa7 Nd3+ 40.Kf3 Ne5+ 41.Kf2 Nd3+
42.Kf3 Nxb4 43.Bf5 Nxd5 44.Ra8 Ke7 45.Rc8 c5 46.exd5 Rxf5 47.Ke4 f3 48.Kxf5 f2
49.d6+ Kd7 50.Ke5 Kxc8 51.Ke6 Kd8 {#R} 0-1

[Event "PRO League Group Stage"]
[Site "masterchessopen.com chess.com INT"]
[Date "2017.02.11"]
[Round "5"]
[White "Nakyp,Rakhimjan"]
[Black "Pacheco,Dan"]
[Result "1-0"]
[WhiteElo "2096"]
[BlackElo "2279"]

1.c4 b6 2.Nc3 Bb7 3.Nf3 f5 4.g3 e5 5.Bg2 e4 6.Nd4 Qf6 7.Nc2 Nc6 8.O-O Qf7
9.Ne3 g6 10.d4 Bg7 11.Nb5 d6 12.Nd5 O-O-O 13.Nbxc7 Nxd4 14.Be3 Ne6 15.Nb5 Kb8
16.Nxa7 Kxa7 17.Bxb6+ Kb8 18.Qa4 Bxd5 19.cxd5 Nc5 20.Qb5 Qd7 21.Qb4 Qb7 22.a4
Ne7 23.Rfd1 Rc8 24.a5 Ka8 25.a6 Qb8 26.Ra5 Nd7 27.Rb5 Rc4 28.Qxc4 Nxb6 29.a7
Qb7 30.Qb4 Nec8 31.Rc1 Kxa7 32.Rc6 Rd8 33.Qa5+ Kb8 34.Rbxb6 Nxb6 35.Rxb6 Rd7
36.Rxb7+ Kxb7 37.b4 Bd4 38.e3 Bb6 39.Qb5 Rc7 40.Bf1 Rc1 41.Qd7+ Bc7 42.Kg2 h5
43.h4 Kb6 44.Qc8 Ra1 45.Qf8 Ra2 46.Qe8 Rd2 {#r} 1-0

[Event "PRO League Group Stage"]
[Site "masterchessopen.com chess.com INT"]
[Date "2017.02.11"]
[Round "5"]
[White "Svane,R"]
[Black "Dreev,A"]
[Result "0-1"]
[WhiteElo "2560"]
[BlackElo "2651"]

1.d4 d5 2.c4 c6 3.Nc3 Nf6 4.cxd5 cxd5 5.Bf4 Nc6 6.e3 Bg4 7.Qb3 Na5 8.Qa4+ Bd7
9.Qc2 e6 10.Bd3 Nc6 11.Qd1 Be7 12.h3 O-O 13.Nf3 Qb6 14.a3 Rfc8 15.O-O Na5
16.Rb1 a6 17.Qe2 Nb3 18.Ne5 Be8 19.Bg5 Na5 20.f4 Qd8 21.f5 b5 22.fxe6 fxe6
23.Qc2 Nc4 24.Bxf6 gxf6 25.Nxc4 bxc4 26.Bxh7+ Kg7 27.Rf3 f5 28.Bxf5 exf5
29.Rbf1 Bg6 30.Rg3 Qd6 31.Ne2 Bh4 32.Rxg6+ Qxg6 33.Nf4 Qf7 34.g4 Rh8 35.Qg2
Rad8 36.gxf5+ Kh7 37.Ng6 Rhg8 38.Kh1 Rxg6 39.fxg6+ Qxg6 40.Qf3 Re8 41.Rg1 Qe4
42.Qxe4+ Rxe4 43.Rf1 Kg6 44.Rf3 Bg5 {#R} 0-1

[Event "PRO League Group Stage"]
[Site "masterchessopen.com chess.com INT"]
[Date "2017.02.11"]
[Round "5"]
[White "Degraeve,Remy"]
[Black "Rosenthal,Nicholas"]
[Result "0-1"]
[WhiteElo "2019"]
[BlackElo "2156"]

1.e4 e6 2.d4 d5 3.Nd2 Nf6 4.e5 Nfd7 5.Bd3 c5 6.c3 b6 7.Nh3 Ba6 8.Bxa6 Nxa6
9.O-O Be7 10.Qg4 g6 11.Nf3 Qc7 12.Bg5 Bxg5 13.Nhxg5 Nf8 14.dxc5 Nxc5 15.c4 h6
16.Qh4 dxc4 17.Rfd1 Nfd7 18.Ne4 Nxe4 19.Qxe4 O-O 20.Rac1 b5 21.Rd4 Kg7 22.h4
Rad8 23.h5 Nc5 24.Qf4 Qe7 25.Qg4 Rxd4 26.Nxd4 Nd3 27.Rc3 Nxe5 28.Qe4 Qc5
29.Re3 Rd8 30.Qxe5+ Qxe5 31.Rxe5 Rxd4 32.hxg6 a6 33.gxf7 Rd1+ 34.Kh2 Rd2
35.Rxe6 Rxf2 36.Rxa6 Rxb2 37.a3 c3 38.Rc6 Rb3 39.Rc5 Kxf7 40.Kh3 Rxa3 41.Kh4
Ra4+ 42.Kh5 Rc4 43.Rf5+ Ke6 44.Rf1 c2 45.Rc1 b4 46.Kxh6 b3 47.g4 b2 48.Re1+
Kd5 49.g5 {#R} 0-1

[Event "PRO League Group Stage"]
[Site "masterchessopen.com chess.com INT"]
[Date "2017.02.11"]
[Round "5"]
[White "Degraeve,Remy"]
[Black "So,W"]
[Result "0-1"]
[WhiteElo "2019"]
[BlackElo "2808"]

1.e4 c5 2.Nc3 Nc6 3.f4 g6 4.Nf3 Bg7 5.Bc4 e6 6.f5 gxf5 7.exf5 d5 8.Bb5 e5
9.O-O Ne7 10.Nh4 Bf6 11.Qh5 a6 12.Bxc6+ Nxc6 13.Nf3 e4 14.Ne1 Rg8 15.Ne2 Rg5
16.Qxh7 Nd4 17.Nxd4 Bxd4+ 18.Kh1 Qf6 19.c3 Rxf5 20.Rxf5 Bxf5 21.Qg8+ Ke7
22.Qxa8 Bd7 {#R} 0-1

[Event "PRO League Group Stage"]
[Site "masterchessopen.com chess.com INT"]
[Date "2017.02.11"]
[Round "5"]
[White "Hess,Ro"]
[Black "Sadhwani,Raunak"]
[Result "0-1"]
[WhiteElo "2571"]
[BlackElo "2218"]

1.d4 Nf6 2.c4 e6 3.Nc3 Bb4 4.Qc2 O-O 5.a3 Bxc3+ 6.Qxc3 b5 7.cxb5 c6 8.Nf3 cxb5
9.e3 a6 10.Bd3 Bb7 11.O-O Ne4 12.Qc2 f5 13.a4 Nc6 14.Qe2 Nb4 15.Bb1 bxa4
16.Ne5 a5 17.Rd1 Ba6 18.Qe1 Bb5 19.f3 Nf6 20.e4 fxe4 21.fxe4 Rc8 22.Bg5 Qb6
23.Qd2 d6 24.Nf3 Kh8 25.e5 Ng4 26.exd6 Qxd6 27.Ra3 Bc6 28.Bh4 Bxf3 29.gxf3 Nh6
30.Bg3 Qd7 31.Be5 Nf5 32.f4 Kg8 33.Rh3 Rc4 34.Qe2 Rfc8 35.Rc3 Rxc3 36.bxc3 Nd5
37.c4 Nc3 38.Qg2 Nxd1 39.Bxf5 exf5 {#R} 0-1

[Event "PRO League Group Stage"]
[Site "masterchessopen.com chess.com INT"]
[Date "2017.02.11"]
[Round "5"]
[White "Hess,Ro"]
[Black "Swapnil,SD"]
[Result "0-1"]
[WhiteElo "2571"]
[BlackElo "2527"]

1.d4 Nf6 2.Nf3 d5 3.g3 e6 4.Bg2 Be7 5.c4 O-O 6.O-O dxc4 7.Qa4 a6 8.Qxc4 b5
9.Qc2 Bb7 10.Bd2 Bd6 11.Re1 Be4 12.Qc1 Bb7 13.Bg5 Nbd7 14.e4 Be7 15.Nbd2 c5
16.e5 Nd5 17.Ne4 cxd4 18.h4 Bxg5 19.hxg5 Ne7 20.Nf6+ Kh8 21.Ng4 Ng6 22.Qd2 Rc8
23.Rad1 Rc5 24.Qxd4 Rd5 25.Qb4 Ndxe5 26.Nfxe5 Rxd1 27.Nxg6+ hxg6 28.Bxb7 Rd4
29.Qb3 Rxg4 30.Bxa6 Rxg5 31.Bxb5 Qa5 {#R} 0-1